000
00342nam a2200145Ia 4500
008
150201s2005 xx 000 0 und d
082
_a
342
_b
I05R
100
_a
RATNLAL & DHIRAJLAL
245
_a
THE INDIAN PENAL CODE
250
_a
30TH
260
_b
WADHWA & COPPANY
_a
NAGPUR
_c
2005
300
_a
1-11128
650
_a
LAW
942
_2
ddc
_c
BK
999
_c
1717
_d
1717